000 00415pab a2200157 454500
008 180718b2017 xxu||||| |||| 00| 0 eng d
100 _aMurthy, Narayana
245 _aRole of culture in economic growth and elimination of poverty in India
260 _c2017
300 _ap.1-8.
362 _aMar
650 _aPoverty - India
650 _aEconomic Development
773 _aArtha Vijnana
909 _a116882
999 _c116876
_d116876